<?xml version="1.0" encoding="UTF-8"?>
<collection xmlns="http://www.loc.gov/MARC21/slim">
 <record>
  <leader>01647nam a22002297a 4500</leader>
  <controlfield tag="001">NCT_36605</controlfield>
  <controlfield tag="008">180523b        xxu||||| |||| 00| 0 vie d</controlfield>
  <datafield tag="999" ind1=" " ind2=" ">
   <subfield code="c">1766</subfield>
   <subfield code="d">1766</subfield>
  </datafield>
  <datafield tag="020" ind1=" " ind2=" ">
   <subfield code="c">38000</subfield>
  </datafield>
  <datafield tag="082" ind1="0" ind2="4">
   <subfield code="2">23rd ed.</subfield>
   <subfield code="a">624.1834</subfield>
   <subfield code="b">T120</subfield>
  </datafield>
  <datafield tag="100" ind1="1" ind2=" ">
   <subfield code="a">Võ Bá Tầm</subfield>
  </datafield>
  <datafield tag="245" ind1="1" ind2="0">
   <subfield code="a">Đồ án môn học kết cấu bêtông Sàn sườn toàn khối loại bản dầm :</subfield>
   <subfield code="b">Theeo TCXDVN 356:2005</subfield>
   <subfield code="c">Võ Bá Tầm, Hồ Đức Duy</subfield>
  </datafield>
  <datafield tag="250" ind1=" " ind2=" ">
   <subfield code="a">Tái bản</subfield>
  </datafield>
  <datafield tag="260" ind1=" " ind2=" ">
   <subfield code="a">H.</subfield>
   <subfield code="b">Xây dựng</subfield>
   <subfield code="c">2014</subfield>
  </datafield>
  <datafield tag="300" ind1=" " ind2=" ">
   <subfield code="a">119 tr.</subfield>
   <subfield code="b">Minh họa</subfield>
   <subfield code="c">24cm</subfield>
  </datafield>
  <datafield tag="520" ind1="3" ind2=" ">
   <subfield code="a">Tài liệu này chỉ trình bày những vấn đề cơ bản khi tính toán thiết kế sàn sườn toán khối loại bản dầm, tóm tắt các bước thực hiện đồ án và một thí dụ tính toán cụ thể. Do vậy, sinh viên cần tham khảo thêm các giáo trình &quot;Kết cấu bêtông cốt thép&quot;. Trong khi biên soạn, chúng tối chú trọng niều đến kỹ năng thực hành với những giải thích ngắn gọn và minh họa cấu tạo bêtông cốt thép</subfield>
  </datafield>
  <datafield tag="653" ind1=" " ind2=" ">
   <subfield code="a">Kỹ thuật công trình xây dựng</subfield>
  </datafield>
  <datafield tag="700" ind1="1" ind2=" ">
   <subfield code="a">Hồ Đức Duy</subfield>
  </datafield>
  <datafield tag="942" ind1=" " ind2=" ">
   <subfield code="2">ddc</subfield>
   <subfield code="c">BK</subfield>
  </datafield>
  <datafield tag="952" ind1=" " ind2=" ">
   <subfield code="0">0</subfield>
   <subfield code="1">0</subfield>
   <subfield code="2">ddc</subfield>
   <subfield code="4">0</subfield>
   <subfield code="6">624_183400000000000_T120</subfield>
   <subfield code="7">0</subfield>
   <subfield code="9">8716</subfield>
   <subfield code="a">000001</subfield>
   <subfield code="b">000001</subfield>
   <subfield code="d">2018-05-23</subfield>
   <subfield code="o">624.1834 T120</subfield>
   <subfield code="p">MD.11292</subfield>
   <subfield code="r">2018-05-23</subfield>
   <subfield code="w">2018-05-23</subfield>
   <subfield code="y">BK</subfield>
  </datafield>
  <datafield tag="952" ind1=" " ind2=" ">
   <subfield code="0">0</subfield>
   <subfield code="1">0</subfield>
   <subfield code="2">ddc</subfield>
   <subfield code="4">0</subfield>
   <subfield code="6">624_183400000000000_T120</subfield>
   <subfield code="7">0</subfield>
   <subfield code="9">8717</subfield>
   <subfield code="a">000001</subfield>
   <subfield code="b">000001</subfield>
   <subfield code="d">2018-05-23</subfield>
   <subfield code="l">2</subfield>
   <subfield code="m">1</subfield>
   <subfield code="o">624.1834 T120</subfield>
   <subfield code="p">MD.11293</subfield>
   <subfield code="r">2020-06-19</subfield>
   <subfield code="s">2020-06-05</subfield>
   <subfield code="w">2018-05-23</subfield>
   <subfield code="y">BK</subfield>
  </datafield>
  <datafield tag="980" ind1=" " ind2=" ">
   <subfield code="a">Thư viện Trường Đại học Nam Cần Thơ</subfield>
  </datafield>
 </record>
</collection>
